[Event "Swiss Queens Wed #2"]
[Site "FIDE Online Arena INT"]
[Date "2024.02.07"]
[Round "10"]
[White "Alboredo, Julia"]
[Black "Hrebenshchykova, Yelyzaveta"]
[Result "0-1"]
[WhiteElo "2201"]
[BlackElo "2282"]
[PlyCount "124"]
[EventDate "2024.02.07"]
[EventType "swiss (blitz)"]
[EventRounds "11"]
[EventCountry "NET"]
[SourceTitle "CB07_2024"]
[SourceDate "2024.02.14"]
[SourceVersion "1"]
[SourceVersionDate "2024.02.14"]
[SourceQuality "1"]

1. e4 c5 2. Nf3 e6 3. d4 cxd4 4. Nxd4 Nc6 5. Nc3 Qc7 6. Be3 a6 7. Qf3 Nf6 8. 0-0-0 Ne5 9. Qg3 h5 10. f4 Neg4 11. Bg1 b5 12. e5 b4 13. Na4 Nd5 14. h3 Nh6 15. Qb3 Nxf4 16. Kb1 Bb7 17. Nf3 Nd5 18. g4 Be7 19. Bg2 Nf4 20. Bb6 Qc8 21. Rhg1 Nxg2 22. Rxg2 Bd5 23. Qe3 Qc6 24. Rxd5 Qxd5 25. Rd2 Qc6 26. b3 hxg4 27. Nd4 Qh1+ 28. Kb2 gxh3 29. Qd3 0-0 30. Rd1 Qg2 31. Rd2 Qg4 32. Nf3 Nf5 33. Nh2 Qf4 34. Re2 d6 35. Qxh3 dxe5 36. Ng4 Rac8 37. Rh2 Bh4 38. Bf2 Qd2 39. Nc5 Qc3+ 40. Qxc3 bxc3+ 41. Kxc3 Bxf2 42. Rxf2 Rxc5+ 43. Kb2 Rfc8 44. c4 e4 45. Re2 e3 46. Nxe3 Re5 47. Ka3 Rxe3 48. Rd2 g5 49. Rd7 g4 50. Rd2 g3 51. Rg2 Rf3 52. Ka4 Rf2 53. Rg1 Rxa2+ 54. Kb4 g2 55. c5 Rc2 56. Ra1 R8xc5 57. Rxa6 g1Q 58. Ra8+ Kg7 59. Rb8 Rc6 60. Ka3 Qc5+ 61. b4 Ra6+ 62. Kb3 Qc4# 0-1

[Event "BRA-ch (Women) 62nd"]
[Site "Timbo"]
[Date "2023.11.04"]
[Round "9"]
[White "Tamarozi, Isabelle"]
[Black "Alboredo, Julia"]
[Result "1/2-1/2"]
[WhiteElo "1982"]
[BlackElo "2216"]
[PlyCount "78"]
[EventDate "2023.10.29"]
[EventType "swiss"]
[EventRounds "9"]
[EventCountry "BRA"]
[SourceTitle "Mega2024 Update 01"]
[Source "Chessbase"]
[SourceDate "2023.11.12"]
[SourceVersion "1"]
[SourceVersionDate "2023.11.12"]
[SourceQuality "1"]

1. e4 c5 2. Nf3 d6 3. Bb5+ Bd7 4. Bxd7+ Nxd7 5. c4 Ne5 6. d3 e6 7. 0-0 Ne7 8. Na3 N7c6 9. Nc2 Be7 10. a3 Nxf3+ 11. Qxf3 Bf6 12. Rb1 0-0 13. b4 b6 14. Bb2 Bxb2 15. Rxb2 Qg5 16. Qe2 Qf6 17. Rb3 Rad8 18. f4 a5 19. bxa5 bxa5 20. Qf3 a4 21. Rb6 Nd4 22. Qf2 Nxc2 23. Qxc2 Qd4+ 24. Kh1 Rb8 25. Rb5 d5 26. h3 Rxb5 27. cxb5 Rb8 28. Rb1 g6 29. b6 c4 30. dxc4 Qxc4 31. Qxc4 dxc4 32. Rb4 c3 33. Rxa4 Rxb6 34. Rc4 Rb3 35. a4 Ra3 36. h4 h5 37. a5 Kg7 38. e5 Rxa5 39. Rxc3 Ra1+ 1/2-1/2

[Event "BRA-ch (Women) 62nd"]
[Site "Timbo"]
[Date "2023.11.03"]
[Round "8"]
[White "Alboredo, Julia"]
[Black "Terao, Juliana Sayumi"]
[Result "1/2-1/2"]
[WhiteElo "2216"]
[BlackElo "2189"]
[PlyCount "117"]
[EventDate "2023.10.29"]
[EventType "swiss"]
[EventRounds "9"]
[EventCountry "BRA"]
[SourceTitle "Mega2024 Update 01"]
[Source "Chessbase"]
[SourceDate "2023.11.12"]
[SourceVersion "1"]
[SourceVersionDate "2023.11.12"]
[SourceQuality "1"]

1. e4 e5 2. Nf3 Nc6 3. Bc4 Nf6 4. d3 Bc5 5. Bg5 h6 6. Bh4 a6 7. c3 Be7 8. Bg3 d6 9. a4 0-0 10. h3 Be6 11. Nbd2 Qd7 12. 0-0 g6 13. Bxe6 Qxe6 14. Re1 Nh5 15. Bh2 Qd7 16. d4 Bf6 17. Nc4 exd4 18. cxd4 d5 19. exd5 Qxd5 20. Nce5 Nb4 21. Rc1 c6 22. Qd2 a5 23. Qxh6 Bg7 24. Qd2 Rad8 25. Nc4 Na2 26. Ne3 Qd7 27. Rcd1 Nb4 28. Nc4 Qd5 29. b3 Nf6 30. Bc7 Ne4 31. Rxe4 Qxe4 32. Bxd8 Rxd8 33. Nxa5 c5 34. Qg5 Rd5 35. Qg3 cxd4 36. Qb8+ Kh7 37. Qxb7 Qc2 38. Rf1 Qc3 39. Nc4 Qxb3 40. Ncd2 Qxa4 41. Rb1 Rb5 42. Qxf7 Qc2 43. Qe7 Nc6 44. Qh4+ Rh5 45. Qg4 Ne5 46. Nxe5 Rxe5 47. Qd1 Qf5 48. Nf3 Rd5 49. h4 d3 50. Ng5+ Kg8 51. Rb8+ Bf8 52. Qd2 Qe5 53. Ra8 Kg7 54. Ra7+ Be7 55. Qb4 Kf8 56. Ra8+ Kg7 57. Ra7 Kf8 58. Ra8+ Kg7 59. Qd2 1/2-1/2

[Event "BRA-ch (Women) 62nd"]
[Site "Timbo"]
[Date "2023.11.01"]
[Round "5"]
[White "Silva, Juliana Figueira Th"]
[Black "Alboredo, Julia"]
[Result "0-1"]
[WhiteElo "1670"]
[BlackElo "2216"]
[PlyCount "79"]
[EventDate "2023.10.29"]
[EventType "swiss"]
[EventRounds "9"]
[EventCountry "BRA"]
[SourceTitle "Mega2024 Update 01"]
[Source "Chessbase"]
[SourceDate "2023.11.12"]
[SourceVersion "1"]
[SourceVersionDate "2023.11.12"]
[SourceQuality "1"]

1. d4 Nf6 2. c4 e6 3. g3 Bb4+ 4. Bd2 Qe7 5. Bg2 Nc6 6. e3 e5 7. d5 Bxd2+ 8. Qxd2 Nb8 9. e4 d6 10. Ne2 0-0 11. 0-0 a5 12. b3 Nbd7 13. Nbc3 Nc5 14. Qc2 h5 15. h3 Nh7 16. Kh2 f5 17. f4 h4 18. gxh4 fxe4 19. Nxe4 Bf5 20. N2g3 Bxe4 21. Bxe4 Qxh4 22. Nf5 Qf6 23. Nxd6 cxd6 24. Bxh7+ Kh8 25. fxe5 Qxe5+ 26. Kh1 Rf6 27. Rae1 Qg3 28. Bf5 Raf8 29. Re2 g6 30. Rg2 Qh4 31. Qb2 gxf5 32. Rxf5 Nd3 33. Qa1 Ne5 34. Rxf6 Qxf6 35. Rg1 Qf3+ 36. Kh2 Qf4+ 37. Kh1 Qe4+ 38. Rg2 Rf2 39. Qg1 Re2 40. a3 0-1

[Event "Titled Tuesday intern op 25th Jul Late"]
[Site "Chess.com INT"]
[Date "2023.07.25"]
[Round "5"]
[White "Alboredo, Julia"]
[Black "Djordjevic, Dejan N"]
[Result "1-0"]
[WhiteElo "2208"]
[BlackElo "2159"]
[PlyCount "85"]
[EventDate "2023.07.25"]
[EventType "swiss (blitz)"]
[EventRounds "11"]
[EventCountry "USA"]
[SourceTitle "EXT 2024"]
[Source "ChessBase"]
[SourceDate "2023.10.10"]
[SourceVersion "1"]
[SourceVersionDate "2023.10.10"]
[SourceQuality "1"]

1. e4 c5 2. Nf3 Nc6 3. Bc4 d6 4. 0-0 Nf6 5. Nc3 Bg4 6. h3 Bh5 7. Be2 a6 8. a4 e6 9. d4 Bxf3 10. Bxf3 Nxd4 11. e5 dxe5 12. Bxb7 Ra7 13. Bf3 Bd6 14. Ne4 Nxe4 15. Bxe4 Qc7 16. c3 Nc6 17. Qf3 Ne7 18. Bc2 c4 19. Rd1 0-0 20. Be3 Bc5 21. Bg5 Rb7 22. Rd2 Rfb8 23. Rad1 f5 24. Bxe7 Bxe7 25. g4 e4 26. Qg2 Rd8 27. gxf5 Rxd2 28. Rxd2 exf5 29. Bd1 Qf4 30. f3 Bc5+ 31. Kh1 h6 32. fxe4 fxe4 33. Rd8+ Kh7 34. Bh5 Rb6 35. Rd1 Rf6 36. Be2 Qe3 37. Bf1 Rf2 38. Qg4 Qf3+ 39. Qxf3 Rxf3 40. Bg2 Re3 41. Rd7 Kg6 42. Rc7 Bd6 43. Rc6 1-0

[Event "Titled Tuesday intern op 25th Jul Late"]
[Site "Chess.com INT"]
[Date "2023.07.25"]
[Round "1"]
[White "Alboredo, Julia"]
[Black "Xiong, Jeffery"]
[Result "0-1"]
[WhiteElo "2208"]
[BlackElo "2693"]
[PlyCount "120"]
[EventDate "2023.07.25"]
[EventType "swiss (blitz)"]
[EventRounds "11"]
[EventCountry "USA"]
[SourceTitle "EXT 2024"]
[Source "ChessBase"]
[SourceDate "2023.10.10"]
[SourceVersion "1"]
[SourceVersionDate "2023.10.10"]
[SourceQuality "1"]

1. e4 c5 2. Nf3 d6 3. Nc3 Nf6 4. e5 dxe5 5. Nxe5 a6 6. g3 b5 7. Bg2 Ra7 8. 0-0 Bb7 9. Bxb7 Rxb7 10. Qf3 Qc8 11. a4 e6 12. axb5 axb5 13. d3 Be7 14. Bf4 0-0 15. Rfe1 Nfd7 16. Ra8 Nxe5 17. Bxe5 Qd7 18. Qg4 g6 19. Qf4 Nc6 20. Rxf8+ Kxf8 21. Qh6+ Ke8 22. Qxh7 Nxe5 23. Qh8+ Bf8 24. Qxe5 Qd4 25. Qxd4 cxd4 26. Ne4 Rc7 27. Re2 Be7 28. f4 Ra7 29. Re1 Ra2 30. Rb1 Kd7 31. Kf2 Kc6 32. Ke2 Kd5 33. Kd2 Bb4+ 34. c3 dxc3+ 35. Nxc3+ Kc6 36. Kc2 Ra8 37. h4 Bc5 38. Ne4 Bd4 39. Rh1 Ra2 40. Rb1 Ra8 41. Kb3 Kd5 42. Nc3+ Kc6 43. Rh1 e5 44. fxe5 Bxe5 45. g4 Rh8 46. h5 f5 47. gxf5 Rxh5 48. Re1 Rxf5 49. Ne4 Rf3 50. Rc1+ Kb6 51. Kc2 Rh3 52. Rg1 Rh2+ 53. Kd1 Rxb2 54. Rxg6+ Ka5 55. Re6 Bd4 56. Nd6 Kb4 57. Re8 Kc3 58. Rc8+ Kxd3 59. Nxb5 Rxb5 60. Rc1 Rh5 0-1

[Event "Titled Tuesday intern op 11th Jul Late"]
[Site "Chess.com INT"]
[Date "2023.07.11"]
[Round "5"]
[White "Alboredo, Julia"]
[Black "Schnaider, Ilan"]
[Result "1-0"]
[WhiteElo "2208"]
[BlackElo "2233"]
[PlyCount "141"]
[EventDate "2023.07.11"]
[EventType "swiss (blitz)"]
[EventRounds "11"]
[EventCountry "USA"]
[SourceTitle "EXT 2024"]
[Source "ChessBase"]
[SourceDate "2023.10.10"]
[SourceVersion "1"]
[SourceVersionDate "2023.10.10"]
[SourceQuality "1"]

1. e4 c5 2. Nf3 d6 3. Nc3 Nf6 4. e5 dxe5 5. Nxe5 a6 6. g3 Nbd7 7. d4 e6 8. Be3 cxd4 9. Bxd4 Nxe5 10. Bxe5 Qa5 11. Qe2 Nd5 12. Bg2 Nxc3 13. Bxc3 Bb4 14. Bxb4 Qxb4+ 15. c3 Qe7 16. 0-0 0-0 17. Rfd1 Rb8 18. a4 b5 19. Rd2 Bb7 20. axb5 Bxg2 21. Kxg2 axb5 22. Rad1 b4 23. Rd7 Qc5 24. Qf3 h6 25. R1d4 bxc3 26. bxc3 Rb1 27. Rf4 f5 28. Rfd4 Qe5 29. Qe3 Qf6 30. Rc4 Rf7 31. Rxf7 Qxf7 32. Rc8+ Kh7 33. Qf3 e5 34. Qa8 e4 35. Rh8+ Kg6 36. Qc6+ Qf6 37. Qxf6+ Kxf6 38. Rc8 Rb2 39. Kf1 Rc2 40. h4 Kg6 41. Rc6+ Kh5 42. Rc7 Kg4 43. Rf7 g6 44. Rf6 Kf3 45. Ke1 Rxf2 46. Rxg6 Rc2 47. Rf6 Kg4 48. Rxh6 Rxc3 49. Rg6+ Kf3 50. Rg5 Ke3 51. Kd1 Rd3+ 52. Ke1 Ra3 53. Kf1 Ra1+ 54. Kg2 Ra2+ 55. Kh3 Rf2 56. h5 Rf3 57. Kg2 Rf2+ 58. Kg1 Ke2 59. h6 Rf1+ 60. Kg2 Ra1 61. h7 Ra8 62. Rg8 Ra2 63. h8Q Ke3+ 64. Kh3 f4 65. Qc3+ Kf2 66. gxf4 e3 67. Rg2+ Kf3 68. Qxe3+ Kxe3 69. Rxa2 Kxf4 70. Rg2 Ke5 71. Rg4 1-0

[Event "Titled Tuesday intern op 11th Jul Late"]
[Site "Chess.com INT"]
[Date "2023.07.11"]
[Round "8"]
[White "Banzea, Alexandru Bogdan"]
[Black "Alboredo, Julia"]
[Result "0-1"]
[WhiteElo "2394"]
[BlackElo "2208"]
[PlyCount "70"]
[EventDate "2023.07.11"]
[EventType "swiss (blitz)"]
[EventRounds "11"]
[EventCountry "USA"]
[SourceTitle "EXT 2024"]
[Source "ChessBase"]
[SourceDate "2023.10.10"]
[SourceVersion "1"]
[SourceVersionDate "2023.10.10"]
[SourceQuality "1"]

1. d4 Nf6 2. Nc3 d5 3. Bf4 a6 4. e3 Bf5 5. f3 Bg6 6. g4 e6 7. h4 h5 8. g5 Nfd7 9. Bd3 c5 10. Bxg6 fxg6 11. Qd3 Kf7 12. 0-0-0 c4 13. Qd2 b5 14. a3 b4 15. axb4 Bxb4 16. Nge2 Qa5 17. Kb1 Nc6 18. e4 Rhb8 19. Bxb8 Rxb8 20. Rhe1 Nb6 21. Qf4+ Kg8 22. Qc7 Rc8 23. Qb7 Kh7 24. exd5 exd5 25. Nxd5 Qxd5 26. Nf4 Qb5 27. Ne6 Rg8 28. d5 Bc3 29. b3 cxb3 30. Qxc6 bxc2+ 31. Kxc2 Qb2+ 32. Kd3 Bxe1 33. Rxe1 Rc8 34. Qd6 Rc3+ 35. Ke4 Qc2+ 0-1

[Event "Titled Tuesday intern op 11th Jul Late"]
[Site "Chess.com INT"]
[Date "2023.07.11"]
[Round "4"]
[White "Chemin, Justo Reinaldo"]
[Black "Alboredo, Julia"]
[Result "0-1"]
[WhiteElo "2040"]
[BlackElo "2208"]
[PlyCount "58"]
[EventDate "2023.07.11"]
[EventType "swiss (blitz)"]
[EventRounds "11"]
[EventCountry "USA"]
[SourceTitle "EXT 2024"]
[Source "ChessBase"]
[SourceDate "2023.10.10"]
[SourceVersion "1"]
[SourceVersionDate "2023.10.10"]
[SourceQuality "1"]

1. d4 Nf6 2. c4 g6 3. Nc3 Bg7 4. e4 d6 5. Nge2 0-0 6. Ng3 e5 7. d5 h5 8. h4 c6 9. Be2 a6 10. Bg5 b5 11. dxc6 Nxc6 12. cxb5 Nd4 13. bxa6 Qb6 14. Bxf6 Qxb2 15. Nd5 Nxe2 16. Nxe2 Bxa6 17. Nec3 Bh6 18. Rb1 Qa3 19. Rb3 Qa5 20. Bg5 Bg7 21. g4 Bc4 22. gxh5 Bxb3 23. axb3 Qa1 24. 0-0 Qxd1 25. Rxd1 gxh5 26. Be7 Rfb8 27. Bxd6 Rxb3 28. Rd3 Ra1+ 29. Kg2 Rc1 0-1

[Event "Titled Tuesday intern op 11th Jul Late"]
[Site "Chess.com INT"]
[Date "2023.07.11"]
[Round "11"]
[White "Fernandez Garcia, Jose Miguel"]
[Black "Alboredo, Julia"]
[Result "1-0"]
[WhiteElo "2367"]
[BlackElo "2208"]
[PlyCount "71"]
[EventDate "2023.07.11"]
[EventType "swiss (blitz)"]
[EventRounds "11"]
[EventCountry "USA"]
[SourceTitle "EXT 2024"]
[Source "ChessBase"]
[SourceDate "2023.10.10"]
[SourceVersion "1"]
[SourceVersionDate "2023.10.10"]
[SourceQuality "1"]

1. Nf3 Nf6 2. b3 g6 3. Bb2 Bg7 4. g3 d6 5. d4 0-0 6. Bg2 e5 7. dxe5 Nfd7 8. 0-0 Nc6 9. Qd2 dxe5 10. Rd1 a5 11. a3 Qe7 12. Nc3 Nf6 13. h3 h6 14. e4 Be6 15. Nd5 Qd8 16. Nxe5 Nxe5 17. Bxe5 Nxe4 18. Qd4 Bxd5 19. Bxg7 Nxg3 20. fxg3 Bxg2 21. Bxf8 Qxd4+ 22. Rxd4 Bxh3 23. Bxh6 Be6 24. Rad1 Kh7 25. Bg5 Kg7 26. Rf1 f5 27. Re1 Kf7 28. Rd2 Ra6 29. Rde2 Rd6 30. Re3 Rc6 31. c4 b6 32. b4 axb4 33. axb4 Bxc4 34. Re7+ Kf8 35. Rc1 b5 36. Ra1 1-0

[Event "Titled Tuesday intern op 11th Jul Late"]
[Site "Chess.com INT"]
[Date "2023.07.11"]
[Round "2"]
[White "Vujacic, Igor"]
[Black "Alboredo, Julia"]
[Result "1-0"]
[WhiteElo "2145"]
[BlackElo "2208"]
[PlyCount "133"]
[EventDate "2023.07.11"]
[EventType "swiss (blitz)"]
[EventRounds "11"]
[EventCountry "USA"]
[SourceTitle "EXT 2024"]
[Source "ChessBase"]
[SourceDate "2023.10.10"]
[SourceVersion "1"]
[SourceVersionDate "2023.10.10"]
[SourceQuality "1"]

1. d4 Nf6 2. Bf4 d5 3. e3 c5 4. c3 Nc6 5. Nd2 Bf5 6. Ngf3 e6 7. Qb3 Qc8 8. c4 cxd4 9. Nxd4 Nxd4 10. exd4 Be7 11. c5 0-0 12. Be2 Nd7 13. 0-0 Bf6 14. Nf3 Nb8 15. Be5 Be7 16. Rac1 Nc6 17. Bf4 Bg4 18. Qe3 Bxf3 19. Bxf3 Bf6 20. Rfd1 Qd8 21. a3 a5 22. b3 Re8 23. Bd6 Bg5 24. Bf4 Bxf4 25. Qxf4 Qf6 26. Qxf6 gxf6 27. Rb1 Re7 28. g3 Kf8 29. Rd2 Rd7 30. Kg2 Ke7 31. h4 Ra6 32. h5 b6 33. b4 axb4 34. axb4 bxc5 35. b5 Rb7 36. dxc5 Ra5 37. Rdb2 Nd4 38. c6 Rbxb5 39. Rxb5 Rxb5 40. Rc1 Kd8 41. Bg4 f5 42. Bd1 Kc7 43. Ba4 Ra5 44. Bd1 Ra6 45. Kh3 Rxc6 46. Rb1 Rb6 47. Rc1+ Kd6 48. Kh4 Rb8 49. h6 Rg8 50. Bh5 f6 51. Ra1 f4 52. gxf4 Ne2 53. Ra6+ Kc5 54. Bxe2 Rg2 55. Ra5+ Kb4 56. Ra2 Rxf2 57. Kg3 Kb3 58. Rd2 Kc3 59. Rd3+ Kc4 60. Kxf2 d4 61. Rg3+ Kd5 62. Rg7 e5 63. fxe5 fxe5 64. Rxh7 e4 65. Rg7 e3+ 66. Ke1 Ke4 67. Re7+ 1-0

[Event "Gaudium Masters-B"]
[Site "Chess.com INT"]
[Date "2023.06.29"]
[Round "2"]
[White "Alboredo, Julia"]
[Black "Di Berardino, Diego Rafael"]
[Result "0-1"]
[WhiteElo "2208"]
[BlackElo "2484"]
[PlyCount "56"]
[EventDate "2023.06.29"]
[EventType "tourn (blitz)"]
[EventRounds "10"]
[EventCountry "BRA"]
[EventCategory "8"]
[SourceTitle "CBM 215 Extra"]
[Source "ChessBase"]
[SourceDate "2023.09.30"]
[SourceVersion "1"]
[SourceVersionDate "2023.09.30"]
[SourceQuality "1"]

1. e4 Nf6 2. e5 Nd5 3. d4 d6 4. c4 Nb6 5. f4 dxe5 6. fxe5 Bf5 7. Nf3 e6 8. Be2 c5 9. Bg5 Qd7 10. Nc3 cxd4 11. Nxd4 Bg6 12. Ndb5 Na6 13. Bf3 Rb8 14. b3 Bb4 15. 0-0 0-0 16. Ne4 Bxe4 17. Bxe4 Qxd1 18. Raxd1 Nc5 19. Bf3 a6 20. Nd6 f6 21. exf6 gxf6 22. Bh6 Rfd8 23. Ne4 Nxe4 24. Bxe4 f5 25. Rxd8+ Rxd8 26. Bxb7 a5 27. h3 Kf7 28. Re1 Bxe1 0-1

[Event "Gaudium Masters-B"]
[Site "Chess.com INT"]
[Date "2023.06.29"]
[Round "3"]
[White "Milos, Gilberto"]
[Black "Alboredo, Julia"]
[Result "1-0"]
[WhiteElo "2575"]
[BlackElo "2208"]
[PlyCount "111"]
[EventDate "2023.06.29"]
[EventType "tourn (blitz)"]
[EventRounds "10"]
[EventCountry "BRA"]
[EventCategory "8"]
[SourceTitle "CBM 215 Extra"]
[Source "ChessBase"]
[SourceDate "2023.09.30"]
[SourceVersion "1"]
[SourceVersionDate "2023.09.30"]
[SourceQuality "1"]

1. d4 Nf6 2. c4 g6 3. f3 Bg7 4. e4 d6 5. Nc3 0-0 6. Bg5 c5 7. d5 e6 8. Qd2 exd5 9. Nxd5 Be6 10. Ne2 Bxd5 11. cxd5 h6 12. Be3 Nbd7 13. Nc3 a6 14. a4 Re8 15. Be2 Kh7 16. 0-0 Qc7 17. a5 b5 18. axb6 Qxb6 19. Ra2 Reb8 20. Rfa1 a5 21. Nb5 Ne8 22. Rxa5 Rxa5 23. Qxa5 Bxb2 24. Qxb6 Nxb6 25. Ra7 Kg7 26. Bf4 c4 27. Nxd6 Nxd6 28. Bxd6 Rc8 29. Kf1 c3 30. Be5+ Kg8 31. Ba6 c2 32. Bxb2 c1Q+ 33. Bxc1 Rxc1+ 34. Kf2 Rc2+ 35. Be2 Nc8 36. Ra6 Kg7 37. Ke3 Rc3+ 38. Bd3 Rb3 39. Rc6 Nb6 40. d6 Nd7 41. Rc4 Ne5 42. Rd4 Nd7 43. Kd2 g5 44. g3 Rb2+ 45. Bc2 Kf6 46. f4 Ra2 47. Kc3 Ra3+ 48. Kb4 Ra1 49. e5+ Kg7 50. Rc4 Nb6 51. Rc6 Nd5+ 52. Kc5 Ne3 53. Be4 Rc1+ 54. Kb6 Rd1 55. Kc7 gxf4 56. gxf4 1-0

[Event "American Continental 17th"]
[Site "Juan Dolio"]
[Date "2023.05.16"]
[Round "2"]
[White "Escalante Ramirez, Brian Sebastian"]
[Black "Alboredo, Julia"]
[Result "1/2-1/2"]
[WhiteElo "2489"]
[BlackElo "2220"]
[PlyCount "226"]
[EventDate "2023.05.15"]
[EventType "swiss"]
[EventRounds "11"]
[EventCountry "DOM"]
[SourceTitle "CBM 214 Extra"]
[Source "ChessBase"]
[SourceDate "2023.07.31"]
[SourceVersion "1"]
[SourceVersionDate "2023.07.31"]
[SourceQuality "1"]

1. e4 c5 2. Nf3 d6 3. Nc3 Nc6 4. d4 cxd4 5. Nxd4 Nf6 6. g3 g6 7. Bg2 Nxd4 8. Qxd4 Bg7 9. 0-0 0-0 10. a4 Bd7 11. Qb4 b6 12. a5 bxa5 13. Qxa5 Ng4 14. h3 Qxa5 15. Rxa5 Bxc3 16. bxc3 Ne5 17. Bh6 Rfc8 18. Rfa1 Rc7 19. Be3 Nc4 20. Rxa7 Raxa7 21. Bxa7 Kg7 22. f3 Rb7 23. Bf1 Be6 24. h4 f6 25. f4 Rc7 26. Bd4 Bf7 27. f5 Ne5 28. Kf2 gxf5 29. exf5 Rb7 30. Be2 Rb2 31. Bd1 h5 32. Ke3 Nc4+ 33. Kf4 Rb7 34. Bf3 Rc7 35. Be2 Rb7 36. Bd3 Ne5 37. Be4 Rc7 38. Rb1 d5 39. Bg2 Nc6 40. Bb6 Rc8 41. Re1 Ra8 42. Bc5 Ra4+ 43. Ke3 Rc4 44. Bd4 Nxd4 45. cxd4 Rxc2 46. Bf1 Ra2 47. Rb1 Ra3+ 48. Kf4 Ra4 49. Ke3 Ra3+ 50. Kf4 Ra4 51. Rd1 Ra2 52. Ke3 Be8 53. Rd2 Ra3+ 54. Kf4 Ra1 55. Bg2 Bf7 56. Bf3 Ra3 57. Be2 Rb3 58. Rd3 Rb1 59. Ra3 Rb2 60. Bf3 Rb4 61. Ke3 Rb5 62. Bd1 Rb1 63. Kd2 Rb4 64. Kc3 Rc4+ 65. Kd3 Rc1 66. Kd2 Rc7 67. Bb3 Rb7 68. Kc3 Kh6 69. Ra5 Rd7 70. Rc5 Ra7 71. Kb4 Rb7+ 72. Rb5 Rd7 73. Rb6 Bg8 74. Ba4 Rc7 75. Rc6 Rb7+ 76. Kc3 Kg7 77. Rc5 Ra7 78. Kb4 e6 79. Bd1 Kh6 80. fxe6 Bxe6 81. Rc6 Re7 82. Kc5 Kg6 83. Kd6 Re8 84. Rc7 Bg8 85. Bc2+ f5 86. Re7 Rc8 87. Rc7 Re8 88. Re7 Rc8 89. Bb3 Rc3 90. Bxd5 Bxd5 91. Kxd5 Rxg3 92. Re6+ Kg7 93. Ke5 f4 94. Kxf4 Rg4+ 95. Ke5 Rxh4 96. d5 Rh1 97. d6 Re1+ 98. Kd5 Rd1+ 99. Kc6 Rc1+ 100. Kb7 Kf7 101. Re5 h4 102. d7 Rd1 103. Kc7 Rc1+ 104. Kd8 h3 105. Re7+ Kf6 106. Ke8 Rd1 107. Re3 h2 108. Rh3 Re1+ 109. Kf8 Rd1 110. Ke8 Re1+ 111. Kf8 Rd1 112. Rh6+ Kg5 113. Rxh2 Rxd7 1/2-1/2

[Event "Rio de Janeiro op 2nd"]
[Site "Rio de Janeiro"]
[Date "2023.05.03"]
[Round "2"]
[White "Alboredo, Julia"]
[Black "De Oliveira, Yuri Garcia"]
[Result "1-0"]
[WhiteElo "2220"]
[BlackElo "1985"]
[PlyCount "157"]
[EventDate "2023.05.02"]
[EventType "swiss"]
[EventRounds "9"]
[EventCountry "BRA"]
[SourceTitle "CBM 214 Extra"]
[Source "ChessBase"]
[SourceDate "2023.07.31"]
[SourceVersion "1"]
[SourceVersionDate "2023.07.31"]
[SourceQuality "1"]

1. e4 c5 2. Nf3 d6 3. d4 cxd4 4. Nxd4 Nf6 5. Nc3 a6 6. Be2 e5 7. Nb3 Be7 8. 0-0 0-0 9. Qd3 Be6 10. Bd2 Nbd7 11. Nd5 Bxd5 12. exd5 b6 13. c4 a5 14. a4 Nc5 15. Nxc5 bxc5 16. Ra3 Rb8 17. Rb3 Qc7 18. Rb5 Rxb5 19. axb5 Ra8 20. Ra1 Nd7 21. Bc3 g6 22. Qd2 a4 23. g3 Bf8 24. h4 Bg7 25. h5 e4 26. Bxg7 Kxg7 27. h6+ Kg8 28. Qc2 f5 29. Rxa4 Rxa4 30. Qxa4 Nb6 31. Qa5 g5 32. b3 Kf7 33. Bh5+ Kg8 34. Kf1 Qb8 35. Be2 Qc7 36. Ke1 Kf7 37. Bh5+ Kg8 38. Be8 e3 39. fxe3 Qe7 40. Qc3 f4 41. gxf4 gxf4 42. Kd2 Qg5 43. exf4 Qxh6 44. Qe3 Qh2+ 45. Kc3 Kf8 46. Bc6 Qa2 47. Qe8+ Kg7 48. Qe7+ Kg8 49. Qg5+ Kf7 50. Qf5+ Kg7 51. Qc2 Qa1+ 52. Qb2 Qxb2+ 53. Kxb2 h5 54. Be8 h4 55. Bh5 h3 56. Bf3 Kf6 57. Be4 h2 58. Kc3 h1Q 59. Bxh1 Kf5 60. b4 Kxf4 61. bxc5 dxc5 62. Bg2 Ke5 63. Kd3 Na4 64. Bf1 Nb6 65. Ke3 Na4 66. Kf3 Nb6 67. Kg4 Na4 68. Kg5 Nb6 69. Kg6 Kd6 70. Kf7 Kd7 71. Be2 Na4 72. Bg4+ Kd6 73. Ke8 Nb6 74. Be2 Nd7 75. Kd8 Nb6 76. Bf1 Na8 77. Kc8 Nb6+ 78. Kb7 Nd7 79. b6 1-0

[Event "Hebraica Milton Matone"]
[Site "Hebraica"]
[Date "2023.04.21"]
[Round "6"]
[White "Gemy Vargas, Jose Daniel"]
[Black "Alboredo, Julia"]
[Result "1-0"]
[WhiteElo "2333"]
[BlackElo "2253"]
[PlyCount "95"]
[EventDate "2023.04.18"]
[EventType "tourn"]
[EventRounds "9"]
[EventCountry "BRA"]
[EventCategory "7"]
[SourceTitle "EXT 2024"]
[Source "ChessBase"]
[SourceDate "2023.10.10"]
[SourceVersion "1"]
[SourceVersionDate "2023.10.10"]
[SourceQuality "1"]

1. e4 c5 2. Nf3 d6 3. Bb5+ Bd7 4. Bxd7+ Nxd7 5. 0-0 e6 6. c3 Ngf6 7. Re1 Be7 8. d4 0-0 9. Nbd2 cxd4 10. Nxd4 Nc5 11. Qe2 Qc7 12. f3 Nfd7 13. Nf1 a6 14. a4 Ne5 15. Be3 Rac8 16. Ng3 Ncd7 17. f4 Nc4 18. Bf2 Rfe8 19. f5 e5 20. Nb3 Nf6 21. Red1 Qc6 22. Ra2 Bd8 23. Nc1 Bb6 24. b3 Bxf2+ 25. Qxf2 Na5 26. c4 Nxe4 27. Nxe4 Qxe4 28. Re2 Qg4 29. Rf1 Nc6 30. Re3 f6 31. Ne2 Nd4 32. Nc3 b5 33. Nd5 Kf7 34. h3 Qh5 35. Nb6 Rc6 36. a5 bxc4 37. bxc4 d5 38. Qa2 Qg5 39. Nxd5 Rec8 40. Rd3 Nxf5 41. c5 Kf8 42. Nb6 Re8 43. Qa4 Rc7 44. Nd7+ Ke7 45. Qe4 Nh4 46. Nxf6 gxf6 47. Qxh7+ Ke6 48. Rd6# 1-0

[Event "PRO League Prelim"]
[Site "Chess.com INT"]
[Date "2023.03.09"]
[Round "4.1"]
[White "Alboredo, Julia"]
[Black "Grischuk, Alexander"]
[Result "0-1"]
[WhiteElo "2253"]
[BlackElo "2745"]
[PlyCount "112"]
[EventDate "2023.02.14"]
[EventType "team-swiss (rapid)"]
[EventRounds "5"]
[EventCountry "USA"]
[SourceTitle "CBM 213 Extra"]
[Source "ChessBase"]
[SourceDate "2023.05.31"]
[SourceVersion "1"]
[SourceVersionDate "2023.05.31"]
[SourceQuality "1"]
[WhiteTeam "Brazil Capybaras"]
[BlackTeam "Blitz"]
[WhiteTeamCountry "BRA"]
[BlackTeamCountry "FRA"]

1. e4 e5 2. Nf3 Nc6 3. Bc4 Bc5 4. d3 Nf6 5. Bg5 0-0 6. 0-0 Be7 7. Nc3 d6 8. h3 Na5 9. Bb3 Nxb3 10. axb3 c6 11. Ne2 Nh5 12. Be3 f5 13. exf5 Bxf5 14. Ng3 Nxg3 15. fxg3 c5 16. Qd2 a5 17. g4 Bg6 18. Ng5 Rxf1+ 19. Rxf1 Qd7 20. Ne4 b6 21. Ng3 Rf8 22. Rxf8+ Bxf8 23. Qe2 Bf7 24. Bf2 Qe6 25. c4 d5 26. Nf5 e4 27. cxd5 Qxd5 28. dxe4 Qxb3 29. e5 Qc4 30. Qd2 Qd5 31. Qg5 Kh8 32. Ne3 Qd7 33. Qf5 Qe8 34. Bg3 a4 35. Qc2 Bb3 36. Qe4 b5 37. Nf5 b4 38. Qb7 Be6 39. Nd6 Qd7 40. Qa8 Kg8 41. Kh2 h6 42. Qa5 Qc6 43. Qd8 a3 44. Nf5 Qd7 45. Qxd7 Bxd7 46. bxa3 bxa3 47. Be1 Kf7 48. Bc3 Ke6 49. Ne3 g5 50. Nc2 a2 51. Ne3 Bg7 52. Nc4 Bb5 53. Na3 Bxe5+ 54. Bxe5 Kxe5 55. Nc2 Ba4 56. Na1 c4 0-1